MARC

LEADER 00000nam0a2200000 4500
001 144674
005 20231031143754.0
010 |a 5746403091 
035 |a (RuTPU)RU\TPU\book\156796 
090 |a 144674 
100 |a 20081007d1990 m y0rusy50 ca 
101 0 |a rus 
102 |a RU 
105 |a a z 001zy 
200 1 |a Исследование двух- и трехкомпонентной фильтрации в нефтяных пластах  |f А. Н. Чекалин, Г. В. Кудрявцев, В. В. Михайлов 
210 |a Казань  |c Изд-во Казанского ун-та  |d 1990 
215 |a 147 с.  |c ил. 
320 |a Библиогр.: с. 131-145. 
610 1 |a исследование 
610 1 |a двухкомпонентные фильтрации 
610 1 |a трехкомпонентные фильтрации 
610 1 |a нефтяные пласты 
610 1 |a нефтеотдача 
610 1 |a математические исследования 
675 |a 622.276.3  |v 3 
700 1 |a Чекалин  |b А. Н.  |g Анатолий Николаевич 
701 1 |a Кудрявцев  |b Г. В.  |g Георгий Владимирович 
701 1 |a Михайлов  |b В. В.  |g Валерий Владимирович 
801 1 |a RU  |b 63413507  |c 20081007  |g PSBO 
801 2 |a RU  |b 63413507  |c 20090425  |g PSBO 
942 |c BK